[Event "Manresa op 31st"]
[Site "Manresa"]
[Date "2014.09.27"]
[Round "2"]
[White "Montserrat Rubia, Angel"]
[Black "Burniol Clotet, Sergi"]
[Result "0-1"]
[WhiteElo "1955"]
[BlackElo "1803"]
[PlyCount "72"]
[EventDate "2014.09.20"]
[EventType "swiss"]
[EventRounds "8"]
[EventCountry "ESP"]
[SourceTitle "EXT 2016"]
[Source "ChessBase"]
[SourceDate "2015.10.08"]
[SourceVersion "1"]
[SourceVersionDate "2015.10.08"]
[SourceQuality "1"]

1. d4 d5 2. c4 dxc4 3. e3 e5 4. Bxc4 exd4 5. Qb3 Qe7 6. a3 g6 7. Nf3 Bg7 8. 0-0 Nf6 9. exd4 0-0 10. Re1 Qd7 11. Ng5 h6 12. Nf3 Nc6 13. Bd2 a6 14. d5 Nd8 15. Ne5 Qf5 16. Nc3 Ng4 17. Nxg4 Qxg4 18. Re4 Qd7 19. Rae1 b5 20. Bd3 c6 21. Re7 Qd6 22. R7e4 cxd5 23. Bf4 Qc5 24. Qxd5 Qxd5 25. Nxd5 Bb7 26. Ne7+ Kh7 27. R4e2 Ne6 28. Bd6 Rfd8 29. Bxg6+ fxg6 30. Rxe6 Rd7 31. Nxg6 Bd5 32. Nf4 Bxe6 33. Rxe6 Rad8 34. Re1 Rxd6 35. Kf1 Rd1 36. Ke2 R8d2+ 0-1